000 00807nab a2200241u 4500
001 23097
003 HDC
007 c| |||a|c|aaaa
008 210315b20161117my ||||| |||| 00| 0 may d
040 _aHDC
100 _aAhmad nazri yusof /
_eauthor
_919842
245 0 _aProduk agro makanan malaysia berpotensi ke pasaran belanda /
_cAhmad nazri yusof
336 _atext
_2rdacontent
337 _acomputer
_2rdamedia
338 _aonline resource
_2rdacarrier
650 _aagro products
_916650
650 _aDRS Trading Sdn Bhd
_919843
710 _aBERITA HARIAN
856 _zRequest full-text at [email protected]
942 _2lcc
942 _cNEWS
942 _kNWSC 005075
999 _c20413
_d20413